| 000 -LEADER |
| fixed length control field |
03589cam a22004937i 4500 |
| 001 - CONTROL NUMBER |
| control field |
20105401 |
| 003 - CONTROL NUMBER IDENTIFIER |
| control field |
OSt |
| 005 - DATE AND TIME OF LATEST TRANSACTION |
| control field |
20240221093623.0 |
| 008 - FIXED-LENGTH DATA ELEMENTS--GENERAL INFORMATION |
| fixed length control field |
171030t20182018gauae b 001 0beng d |
| 010 ## - LIBRARY OF CONGRESS CONTROL NUMBER |
| LC control number |
2017959200 |
| 020 ## - INTERNATIONAL STANDARD BOOK NUMBER |
| International Standard Book Number |
9780820352084 (hbk.) |
| 020 ## - INTERNATIONAL STANDARD BOOK NUMBER |
| International Standard Book Number |
082035208X (hbk.) |
| 035 ## - SYSTEM CONTROL NUMBER |
| System control number |
(OCoLC)ocn985079590 |
| 040 ## - CATALOGING SOURCE |
| Original cataloging agency |
BTCTA |
| Language of cataloging |
eng |
| Transcribing agency |
BTCTA |
| Description conventions |
rda |
| Modifying agency |
YDX |
| -- |
GUA |
| -- |
OCLCO |
| -- |
CDX |
| -- |
NZAUC |
| -- |
OCLCF |
| -- |
WLU |
| -- |
AZU |
| -- |
ZQP |
| -- |
UIU |
| -- |
OCLCQ |
| -- |
COD |
| -- |
AU@ |
| -- |
AGL |
| -- |
CLE |
| -- |
DLC |
| 042 ## - AUTHENTICATION CODE |
| Authentication code |
lccopycat |
| 043 ## - GEOGRAPHIC AREA CODE |
| Geographic area code |
n-us--- |
| 050 00 - LIBRARY OF CONGRESS CALL NUMBER |
| Classification number |
SB470.S48 |
| Item number |
T36 2018 |
| 082 04 - DEWEY DECIMAL CLASSIFICATION NUMBER |
| Classification number |
712.092 |
| Edition number |
23 |
| Author Mark |
TAN |
| 100 1# - MAIN ENTRY--PERSONAL NAME |
| Personal name |
Tankard, Judith B., |
| Relator term |
author. |
| 9 (RLIN) |
120934 |
| 240 10 - UNIFORM TITLE |
| Uniform title |
Gardens of Ellen Biddle Shipman |
| 245 10 - TITLE STATEMENT |
| Title |
Ellen Shipman and the American garden / |
| Statement of responsibility, etc. |
Judith B. Tankard. |
| 250 ## - EDITION STATEMENT |
| Edition statement |
Revised and expanded edition. |
| 260 ## - PUBLICATION, DISTRIBUTION, ETC. |
| Place of publication, distribution, etc. |
Amherst; |
| Name of publisher, distributor, etc. |
Library of American Landscape History: |
| Date of publication, distribution, etc. |
2018. |
| 300 ## - PHYSICAL DESCRIPTION |
| Extent |
xii, 298 pages : |
| Other physical details |
illustrations (some color), plans ; |
| Dimensions |
29 cm |
| 504 ## - BIBLIOGRAPHY, ETC. NOTE |
| Bibliography, etc. note |
Includes bibliographical references (pages 277-286) and index. |
| 505 0# - FORMATTED CONTENTS NOTE |
| Formatted contents note |
Early years -- Life in the Cornish colony -- Collaboration with Charles Platt -- A style of her own -- The New York office -- Artistic maturity -- The border -- A grander scope -- Wild gardens -- The Great Depression and the lure of Europe -- Public and institutional projects -- Last years. |
| 520 ## - SUMMARY, ETC. |
| Summary, etc. |
"Between 1914 and 1950, Ellen Biddle Shipman (1869-1950) designed more than 650 gardens, and her commissions spanned the United States, from Long Island's Gold Coast to the state of Washington. In high demand for her formal gardens and lush planting style, her elite clients included Fords, Rockefellers, Astors, and du Ponts. Shipman's imaginative approach merged elements from the Colonial Revival and Arts and Crafts movements with a distinctive ability to create sensual, secluded landscapes. In Ellen Shipman and the American Garden author Judith B. Tankard describes Shipman's remarkable life and discusses fifty of her major works, including the Stan Hywet Gardens in Akron, Ohio; Longue Vue Gardens in New Orleans; and Sarah P. Duke Gardens at Duke University. Richly illustrated with plans and photographs, this expanded and revised edition reveals Shipman's ability to combine plants for dramatic impact and create spaces of the utmost intimacy. Tankard also examines Shipman's unusual life, including a childhood on the American frontier; years in the artists' colony of Cornish, New Hampshire; and her long association with artist and architect Charles Platt. Shipman was also notable for establishing a thriving New York City practice and acting as an advocate for women in the profession, as she trained several other successful designers in her all-female office."-- |
| 600 10 - SUBJECT ADDED ENTRY--PERSONAL NAME |
| Personal name |
Shipman, Ellen, |
| Dates associated with a name |
1869-1950. |
| 9 (RLIN) |
120935 |
| 600 17 - SUBJECT ADDED ENTRY--PERSONAL NAME |
| Personal name |
Shipman, Ellen, |
| Dates associated with a name |
1869-1950. |
| Source of heading or term |
fast |
| 9 (RLIN) |
120935 |
| 650 #0 - SUBJECT ADDED ENTRY--TOPICAL TERM |
| Topical term or geographic name entry element |
Women landscape architects |
| Geographic subdivision |
United States |
| Form subdivision |
Biography. |
| 9 (RLIN) |
120936 |
| 650 #0 - SUBJECT ADDED ENTRY--TOPICAL TERM |
| Topical term or geographic name entry element |
Landscape architects |
| Geographic subdivision |
United States |
| Form subdivision |
Biography. |
| 9 (RLIN) |
120937 |
| 650 #0 - SUBJECT ADDED ENTRY--TOPICAL TERM |
| Topical term or geographic name entry element |
Gardens |
| Geographic subdivision |
United States |
| General subdivision |
Design. |
| 9 (RLIN) |
120938 |
| 650 #0 - SUBJECT ADDED ENTRY--TOPICAL TERM |
| Topical term or geographic name entry element |
Landscape architecture |
| Geographic subdivision |
United States. |
| 9 (RLIN) |
33865 |
| 650 #7 - SUBJECT ADDED ENTRY--TOPICAL TERM |
| Topical term or geographic name entry element |
Gardens. |
| Source of heading or term |
fast |
| 9 (RLIN) |
120939 |
| 650 #7 - SUBJECT ADDED ENTRY--TOPICAL TERM |
| Topical term or geographic name entry element |
Gardens |
| General subdivision |
Design. |
| Source of heading or term |
fast |
| 9 (RLIN) |
120940 |
| 650 #7 - SUBJECT ADDED ENTRY--TOPICAL TERM |
| Topical term or geographic name entry element |
Women landscape architects. |
| Source of heading or term |
fast |
| 9 (RLIN) |
120941 |
| 651 #7 - SUBJECT ADDED ENTRY--GEOGRAPHIC NAME |
| Geographic name |
United States. |
| Source of heading or term |
fast |
| 9 (RLIN) |
10431 |
| 655 #7 - INDEX TERM--GENRE/FORM |
| Genre/form data or focus term |
Biographies. |
| Source of term |
lcgft |
| 9 (RLIN) |
33106 |
| 906 ## - LOCAL DATA ELEMENT F, LDF (RLIN) |
| a |
7 |
| b |
cbc |
| c |
copycat |
| d |
2 |
| e |
epcn |
| f |
20 |
| g |
y-gencatlg |
| 942 ## - ADDED ENTRY ELEMENTS (KOHA) |
| Source of classification or shelving scheme |
|
| Koha item type |
Book |
| Institution code [OBSOLETE] |
SADA |
| Call number prefix |
712.092 TAN 2018 |